Starcraft Protoss Units Quiz - Statistics

General Stats
  • This quiz has been taken 639 times
  • The average score is 12 of 15
Answer Stats
Hint Answer % Correct
Melee unit with the ability to charge, allowing it to quickly close the distance between itself and an enemy unit. Zealot
95%
Created by merging two templar units. Archon
94%
A permanently cloaked stealth warrior. Dark Templar
94%
The builder of the protoss race. Probe
92%
A powerful air unit that creates Interceptors to fight for them. Carrier
89%
A dragoon-like Dark Templar unit, able to blink. Stalker
89%
A physically fragile unit with strong psychic abilities. High Templar
88%
Dragoon-like walker with a strong defense against powerful attacks. Immortal
82%
Flying unit deals damage with a blue energy beam that does more damage as it focuses on the same target. Void Ray
82%
A cloaking air unit that functions as a detector. Observer
77%
A quad-legged vehicle fires lasers in a splash pattern. Colossus
76%
A powerful flying unit that consumes a high amount of resources to produce. Mothership
75%
An aerial fighter with an anti-gravity ability that lifts ground units into the air. Phoenix
74%
Unit able to transport units or to create a warp matrix field like the pylon. Warp Prism
71%
A ground support unit. Sentry
69%
No matching quizzes found
Score Distribution
Percent of People with Each Score
Percentile by Number Answered
Your Score History
You have not taken this quiz